000 00243nam a22000857a 4500
008 160629b xxu||||| |||| 00| 0 eng d
100 _91355
_a Deshpande, G.P
245 _aModern Indian Drama An Anthology
260 _aNew Delhi
_bSahitya Akademi
_c2000
999 _c1117
_d1117